00456nam a2200181Ia 4500003000400000005001700004008004100021020001800062040000600080041001200086082002100098100003400119245006100153250001200214260002500226300001400251440000900265OSt20240912150110.0240126s9999 xx 000 0 und d a9788180388446 c0 aEnglish a346.03 SIN;1 R aSingh, Avtar. Kaur, Harpreet. 0aIntroduction to the law of torts and consumer protection a3rd ed. bLexis NexisaHaryana axlvi, 363 aNULL